Регионална библиотека "Любен Каравелов" - Русе

Werke fur Klavier zu [zwei] 2 Handen (Запис номер 307815)

MARC детайли
000 -Лидер
Контролно поле с фиксирана дължина 01572ncm a2200493 c 4500
003 - Код на организацията, давaща контролен номер
Контролно поле BLK
005 - Дата и час на последна редакция
Контролно поле 20250330004129.0
008 - Елементи от данни с фиксирана дължина
fixed length control field 180414b bul |a|er|||| |0| c|bulo|
010 ## - Наследен системен номер
LC control number NOT00002007000
040 ## - Източник на каталожния запис
Идентификатор на билиотеката - собственик на записа BLK
041 ## - Код за език
Код за езика на текст/звукозапис или на отделно заглавие Немски
Код за езика КДБФ Немски
080 ## - УДК
Текстов определител УДК Музика за пиано
УДК код - определител по УДК 786.2
УДК определител
УДК - код + определител 786.2
100 ## - Редна дума - Автор
Автор Liszt, Ferenc
Дати, свързани с автора 1811-1886
R(LIN) 387693
139 ## - Редно поле
Редна дума Liszt, Ferenc
Авторски знак Lis - L 80
245 10 - Сведения за заглавието
Заглавие Werke fur Klavier zu [zwei] 2 Handen
Подзаглавни данни Teil 1 - 12 За том: Etudes d`execution transcendante
Редно поле (дума) Ferenc Liszt; * Ференц Лист; hrsg. von Emil von Sauer.
Том B. 3
Заглавие на том Etuden
257 ## - Страна на издаване
Страна на създаване/издаване Германия
260 ## - Област на издателските данни
-- Leipzig
Име на издателя, разпространителя и проч. Peters
Година на издаване 1957 -
300 ## - Физическа характеристика
Размери/Мащаб 30 см
380 ## - Жанр
Жанр Изкуство
505 ## - Форматирана забележка
Заглавие Preludio
505 ## - Форматирана забележка
Заглавие Nr.2 Molto vivace
505 ## - Форматирана забележка
Заглавие Paysage
505 ## - Форматирана забележка
Заглавие Mazeppa
505 ## - Форматирана забележка
Заглавие Feux follets
505 ## - Форматирана забележка
Заглавие Visison
505 ## - Форматирана забележка
Заглавие Eroica
505 ## - Форматирана забележка
Заглавие Wilde Jagd
505 ## - Форматирана забележка
Заглавие Ricordanza
505 ## - Форматирана забележка
Подзаглавни данни Allegro agitato molto
Заглавие Nr.10
505 ## - Форматирана забележка
Заглавие Harmonies du soir
505 ## - Форматирана забележка
Заглавие Chasse neige
650 #0 - Допълнително описание по предмет – тема
Основно описание – тема или топоним Пиано - етюди
9 (RLIN) 353307
653 ## - Ключова дума – ненормативна
Ключова дума пиано
653 ## - Ключова дума – ненормативна
Ключова дума концертни етюди
700 ## - Други автори (авторска отговорност)
Лично име Лист, Ференц
Дати, свързани с автора 1811 - 1886
9 (RLIN) 376440
700 1# - Други автори (авторска отговорност)
Лично име Sauer, Emil von
Автороска отговорност (Описва отношението между автора и произведението) hrsg. von
9 (RLIN) 388767
760 1# - Описание на основната серия
-- на том/Т.3./
Редна дума на основното описание Liszt, Ferenc
Поясняваща информация 112 с.
Място на издаване, издател и година Leipzig, Peters 3600c, 1957
Страници - том 112 с.
Част - том Част: Teil. 1.
Заглавие B. 3 Etuden
852 ## - Местоположение
Форматна сигнатура Цб М ІІ 2902
Част 12
856 4# - Електронен адрес и достъп
Електронен формат pdf - файл
Път до файла /url/
856 4# - Електронен адрес и достъп
Електронен формат pdf - файл
Път до файла /url/
942 ## - АРТИКУЛИ
Вид на библиотечния материал Нотни издания
Скрит в OPAC Не
Koha issues (borrowed), all copies 1
944 ## - СЪЗДАВАНЕ И РЕДАКЦИЯ на ЗАПИСА
Създаване/Редакция Създаване
Дата на регистрацията/редакция 06.11.2006
Служител, извършил регистрацията/редакцията
Статус, дата на статуса CRON CRON
944 ## - СЪЗДАВАНЕ И РЕДАКЦИЯ на ЗАПИСА
Създаване/Редакция Редакция
Дата на регистрацията/редакция 01.09.2010
Служител, извършил регистрацията/редакцията
999 ## - СИСТЕМНИ КОНТРОЛНИ НОМЕРА
Koha biblionumber 307815
Koha biblioitemnumber 307815
Наличности
Код за отписване Код за изгубен артикул Източник на класификационната схема Код за повреда Коз за рестрикции Код за отдаване Артикулен № Име на библиотеката - собственик Име на библиотеката, в която се намира в момента Статус (Текущо местоположение) Дата на вписване в системата Местоположение - отдел Цена в лева Инвентарен номер Систематично азбучна сигнатура Баркод Номер на екземпляра Цена в евро Служебна бележка Служебен тип на артикула
  Не е изгубен Universal Decimal Classification Не е повреден без рестрикции ползва се в читалня 659891 Регионална библиотека "Любен Каравелов" Русе Регионална библиотека "Любен Каравелов" Русе Хранилище 1964-01-01 Основен фонд - ползва се само за читалня 0.99 6840/64 Цб М II 2902 900000006465 1 0.51 N: стар фонд Дата: 01.01.1964 Нотни издания
Изтеглен Не е изгубен   Не е повреден без рестрикции ползва се в читалня 659892 Регионална библиотека "Любен Каравелов" Русе Регионална библиотека "Любен Каравелов" Русе Отдел Изкуство - читалня 1964-01-01 Основен фонд - ползва се само за читалня 0.01 17218/66 Цб М II 2902 17218/66 2 0.01 N: стар фонд Дата: 01.01.1964 Нотни издания
  Не е изгубен Universal Decimal Classification Не е повреден без рестрикции заемане за дома 659893 Регионална библиотека "Любен Каравелов" Русе Регионална библиотека "Любен Каравелов" Русе Отдел Изкуство - подръчен фонд 1964-01-01 Отдел Изкуство - подръчен фонд 9.60 2606/2000 786.2/Л 68 Ф 900000002214 3 4.91 N: стар фонд Дата: 01.01.1964 Нотни издания
Vip Innovations Ltd, Rousse, Bulgaria 2025